书目信息 |
| 题名: |
昌黎方言志
|
|
| 作者: | ;河北省昌黎县县志编纂委员会 , 中国社会科学院语言研究怕 编 | |
| 分册: | ||
| 出版信息: | 上海 上海教育出版社 1984 |
|
| 页数: | 283页 | |
| 开本: | 25cm | |
| 丛书名: | ||
| 单 册: | ||
| 中图分类: | H172.1 | |
| 科图分类: | ||
| 主题词: | 汉语方言 | |
| 电子资源: | ||
| ISBN: | ||
| 000 | 00821nam0 2200253 45 | |
| 001 | 0184002823 | |
| 005 | 20040427150053.4 | |
| 010 | @b平装@dCNY3.90 | |
| 091 | @a9150.58 | |
| 100 | @a19950622d1984 kemy0chiy0121 ea | |
| 101 | 0 | @achi |
| 102 | @aCN@b310000 | |
| 105 | @ay z 000yy | |
| 106 | @ar | |
| 200 | 10 | @a昌黎方言志@Achang li fang yan zhi@f河北省昌黎县县志编纂委员会,中国社会科学院语言研究所编 |
| 210 | @a上海@c上海教育出版社@d1984 | |
| 215 | @a283页@d25cm | |
| 606 | 0 | @a汉语方言 |
| 690 | @aH172.1 | |
| 711 | 02 | @a河北省昌黎县县志编纂委员会@Ahe bei sheng chang li xian xian zhi bian zuan wei yuan hui@4编 |
| 711 | 02 | @a中国社会科学院语言研究怕@Azhong guo she hui ke xue yuan yu yan yan jiu pa@4编 |
| 801 | 0 | @aCN@b上海图书馆@c20040427 |
| 801 | 2 | @aCN@bNLC@c20040427 |
| 905 | @f3@b121176-178@dH172.1@e3 | |
| 昌黎方言志/河北省昌黎县县志编纂委员会,中国社会科学院语言研究所编.-上海:上海教育出版社,1984 |
| 283页;25cm |
| ISBN (平装):CNY3.90 |
| ● |
| 相关链接 |
|
|
|
|
正题名:昌黎方言志
索取号:H172.1/3
 
预约/预借
| 序号 | 登录号 | 条形码 | 馆藏地/架位号 | 状态 | 备注 |
| 1 | 0121176 | 001655505 | 第四借阅区/ [索取号:H172.1/3] | 在馆 | |
| 2 | 0121177 | 001468236 | 第四借阅区/ [索取号:H172.1/3] | 在馆 | |
| 3 | 0121178 | 000847631 | 第四借阅区/ [索取号:H172.1/3] | 在馆 | |
| 4 | 0121179 | 202072906 | 第二样本阅览室/ [索取号:H172.1/3] | 在馆 |